<?xml version="1.0" encoding="UTF-8"?><?xml-stylesheet type="text/xsl" href="static/style.xsl"?><OAI-PMH xmlns="http://www.openarchives.org/OAI/2.0/" xmlns:xsi="http://www.w3.org/2001/XMLSchema-instance" xsi:schemaLocation="http://www.openarchives.org/OAI/2.0/ http://www.openarchives.org/OAI/2.0/OAI-PMH.xsd"><responseDate>2026-04-13T05:57:54Z</responseDate><request verb="GetRecord" identifier="oai:www.recercat.cat:2072/421256" metadataPrefix="marc">https://recercat.cat/oai/request</request><GetRecord><record><header><identifier>oai:recercat.cat:2072/421256</identifier><datestamp>2024-10-29T16:42:20Z</datestamp><setSpec>com_2072_98</setSpec><setSpec>col_2072_378196</setSpec></header><metadata><record xmlns="http://www.loc.gov/MARC21/slim" xmlns:dcterms="http://purl.org/dc/terms/" xmlns:xsi="http://www.w3.org/2001/XMLSchema-instance" xmlns:doc="http://www.lyncode.com/xoai" xsi:schemaLocation="http://www.loc.gov/MARC21/slim http://www.loc.gov/standards/marcxml/schema/MARC21slim.xsd">
   <leader>00925njm 22002777a 4500</leader>
   <datafield ind2=" " ind1=" " tag="042">
      <subfield code="a">dc</subfield>
   </datafield>
   <datafield ind2=" " ind1=" " tag="720">
      <subfield code="a">Assad-Pour, Marco</subfield>
      <subfield code="e">author</subfield>
   </datafield>
   <datafield ind2=" " ind1=" " tag="720">
      <subfield code="a">Universitat Autònoma de Barcelona. Departament de Dret Privat</subfield>
      <subfield code="e">author</subfield>
   </datafield>
   <datafield ind2=" " ind1=" " tag="720">
      <subfield code="a">Universitat Autònoma de Barcelona. Facultat de Dret</subfield>
      <subfield code="e">author</subfield>
   </datafield>
   <datafield ind2=" " ind1=" " tag="260">
      <subfield code="c">2013</subfield>
   </datafield>
   <datafield ind2=" " ind1=" " tag="520">
      <subfield code="a">Il sottoscritto lavoro e ricerca è risultato di circa tre anni di ricerche presso l'Università autonoma di Barcellona ed altre università europee ed iraniane. Il tema della ricerca s'intitola "La storia del Diritto Privato e l'organizzazione giuridica nell'antica Persia" ed è stato realizzato con la gentile direzione della Professoressa Gete Alonso, cattedratica di Diritto Civile presso l'Università Autonoma di Barcellona. In questo lavoro si è parlato maggiormente di due dinastie principali dell'era antica persiana ovvero la dinastia degli achemenide ed i sassani , ovvero un periodo di tempo tra l'anno 550 a.c. ed il 651 d.c. in qui fu il culmine dell'evoluzione storica e giuridica iraniana nell'antica Persia che va a sostituirsi con l'attacco e l'invasione araba e l'inizio dell'era islamica. Questo studio ci offre una base adatta ad effettuare di un lato uno studio comparato tra un sistema giuridico mediorientale antico con altri sistemi giuridici vigenti al tempo nel mondo come l'antica Babilinia, Grecia e Roma e d'altronde creare una base per confrontare il diritto antico applicato in Persia con il diritto attuale applicato nella Repubblica Islamica dell'Iran e quindi proporre una base di studio comparato nel tempo e tra vari sistemi giuridici antichi. Spero tanto che questa ricerca possa essere utile agli studiosi interessati a conoscere vari sistemi giuridici per poi confrontarli con altri sistemi antichi ed oggigiorno vigenti in modo tale di poter migliorare giorno dopo giorno le idee giuridiche applicabili nei vari sistemi attuali.</subfield>
   </datafield>
   <datafield tag="653" ind2=" " ind1=" ">
      <subfield code="a">Dret privat Història Iran</subfield>
   </datafield>
   <datafield ind2="0" ind1="0" tag="245">
      <subfield code="a">La storia del diritto privato e l'organizzazione giuridica nell'antica Persia</subfield>
   </datafield>
</record></metadata></record></GetRecord></OAI-PMH>